KOHA-Header-6

Programmer,s Guide:Networking Interfacrs (Record no. 5935)

000 -LEADER
fixed length control field 00273nam a2200109Ia 4500
008 - FIXED-LENGTH DATA ELEMENTS--GENERAL INFORMATION
fixed length control field 190906s9999||||xx |||||||||||||| ||und||
100 ## - MAIN ENTRY--PERSONAL NAME
Personal name The publisher
245 #0 - TITLE STATEMENT
Title Programmer,s Guide:Networking Interfacrs
260 ## - PUBLICATION, DISTRIBUTION, ETC. (IMPRINT)
Place of publication, distribution, etc USA
Name of publisher, distributor, etc Famous Books
Date of publication, distribution, etc 1992
300 ## - PHYSICAL DESCRIPTION
Extent 350
942 ## - ADDED ENTRY ELEMENTS (KOHA)
Koha item type Books
Holdings
Withdrawn status Lost status Source of classification or shelving scheme Damaged status Not for loan Collection code Permanent Location Current Location Shelving location Date acquired Full call number Barcode Date last seen Price effective from Koha item type
          Computer Networking MAJU MAJU   2019-09-06 5.445 482 2019-09-06 2019-09-06 Computer Networking

Powered by Koha